00707nam a2200217Ii 45000010005000000030009000050080041000140400033000550410008000880840013000961000027001092450017001362640043001533000012001963360026002083370028002343380027002629400050002899990017003399520133003567829CO-ViMGA241108s9999||||xx |||||||||||||| ||und|| aCO-ViMGAbspaerdacCO-ViMGA0 aspa aN MOR12c1 aAlberto Moravia94435410aLa campesina 1aBuenos Aires, Argentina : Losada, 1968 avolumen atextbtxt2rdacontent aunmediatedbn2rdamedia avolumebnc2rdacarrier aidficha_siabuc: 7654. -- ficha_no_siabuc:7829 c38808d38808 001040708001aMEVIGERRbMEVIGERRcGENd2006-11-27oN MOR12cpECA7876r2024-11-25 15:05:34tEj.1w2024-11-25yBKz7654 | 10714